Jetpunk "Countries of the World Quiz" perfomance by language - Statistics

General Stats
  • This quiz has been taken 27 times
  • The average score is 16 of 25
Answer Stats
Rank Average Guesses per Minute Language Time Times Taken % Correct
15. 103 6.9 English 15 min 10,032,509
100%
6. 101 8.4 French 12 min 1,265,016
100%
6. 101 8.4 Spanish 12 min 273,454
96%
1. 123 10.25 German 12 min 178,840
92%
4. 104 8.7 Polish 12 min 248,113
92%
16. 82 6.8 Danish 12 min 2,052
84%
2. 114 9.5 Italian 12 min 37,855
84%
6. 101 8.4 Dutch 12 min 45,300
80%
18. 96 6.4 Finnish 15 min 355,037
80%
4. 104 8.7 Swedish 12 min 2,852
80%
13. 111 7.4 Romanian 15 min 76
76%
10. 96 8 Portuguese 12 min 405,180
72%
25. 36 2.4 Japanese 15 min 36
68%
12. 112 7.5 Turkish 15 min 244
68%
14. 109 7.3 Hungarian 15 min 1,196
64%
9. 124 8.3 Croatian 15 min 386
56%
11. 94 7.8 Czech 12 min 658
56%
17. 97 6.5 Lithuanian 15 min 59
52%
3. 141 9.4 Slovenian 15 min 395
52%
21. 46 3 Vietnamese 15 min 62
52%
19. 76 6.3 Indonesian 12 min 290
40%
21. 46 3 Welsh 15 min 49
28%
24. 42 2.8 Latin 15 min 35
20%
20. 64 3.2 Maltese 20 min 14
20%
21. 46 3 Samoan 15 min 12
8%
No matching quizzes found
Score Distribution
Percent of People with Each Score
Percentile by Number Answered
Your Score History
You have not taken this quiz